[Event "Roseto op 6th"]
[Site "Roseto"]
[Date "2014.05.30"]
[Round "1"]
[White "Bizzarro, Sofia"]
[Black "Tribuiani, Renato"]
[Result "1/2-1/2"]
[WhiteElo "1824"]
[BlackElo "1974"]
[PlyCount "85"]
[EventDate "2014.05.30"]
[EventType "swiss"]
[EventRounds "6"]
[EventCountry "ITA"]
[SourceTitle "EXT 2016"]
[Source "ChessBase"]
[SourceDate "2015.10.08"]
[SourceVersion "1"]
[SourceVersionDate "2015.10.08"]
[SourceQuality "1"]

1. e4 Nc6 2. d4 e5 3. dxe5 Nxe5 4. Nf3 Bb4+ 5. Bd2 Qe7 6. Nc3 Nf6 7. Nxe5 Qxe5 8. Bd3 d6 9. h3 Bd7 10. Qe2 a6 11. a3 Ba5 12. 0-0-0 0-0 13. f4 Qe7 14. e5 Ne8 15. Qe4 g6 16. Nd5 Bxd2+ 17. Rxd2 Qd8 18. exd6 Nxd6 19. Qd4 f6 20. g4 Bc6 21. Re1 Bxd5 22. Qxd5+ Kg7 23. Rde2 Rf7 24. h4 c6 25. Qd4 Nb5 26. Qxd8 Rxd8 27. Bxb5 axb5 28. c3 Rd3 29. Re3 Rxe3 30. Rxe3 Rd7 31. Kc2 Kf7 32. g5 fxg5 33. fxg5 Rd5 34. Re4 Rd6 35. Rf4+ Ke7 36. Rf3 Re6 37. Kd3 Rd6+ 38. Ke2 Rd5 39. Rf4 Re5+ 40. Kd2 Rc5 41. Ke3 Re5+ 42. Kd2 Re6 43. Kd3 1/2-1/2

[Event "Porto San Giorgio op 23rd"]
[Site "Porto San Giorgio"]
[Date "2011.08.28"]
[Round "9"]
[White "Zamengo, Bruno"]
[Black "Tribuiani, Renato"]
[Result "1-0"]
[WhiteElo "1936"]
[BlackElo "2029"]
[PlyCount "132"]
[EventDate "2011.08.21"]
[EventType "swiss"]
[EventRounds "9"]
[EventCountry "ITA"]
[SourceTitle "CBM 144 Extra"]
[Source "ChessBase"]
[SourceDate "2011.10.28"]
[SourceVersion "1"]
[SourceVersionDate "2011.10.28"]
[SourceQuality "1"]

1. e4 Nc6 2. d4 e5 3. c3 d6 4. Bb5 Bd7 5. Nf3 Qe7 6. d5 Nd8 7. Bc4 h6 8. Qc2 g5 9. Nbd2 Bg7 10. Nf1 Nf6 11. Bd2 Nh5 12. 0-0-0 b5 13. Bb3 a5 14. a3 Nb7 15. h4 Bf6 16. hxg5 hxg5 17. g3 g4 18. Nh4 Nf4 19. Nf5 Bxf5 20. Rxh8+ Bxh8 21. exf5 Nh5 22. Qd3 Qd7 23. Bc2 Nf6 24. Ne3 Ke7 25. Qe2 Nc5 26. Nxg4 b4 27. cxb4 axb4 28. Bxb4 Nxg4 29. Qxg4 Qb5 30. Bc3 Bf6 31. Rh1 Ra7 32. Rh7 Qf1+ 33. Bd1 Nd3+ 34. Kc2 Nxf2 35. Qe2 Nxd1 36. Qxd1 Qxf5+ 37. Qd3 Qxd3+ 38. Kxd3 Ra4 39. Bb4 e4+ 40. Kc2 Be5 41. Bc3 Bxc3 42. Kxc3 Ra8 43. Rh4 Kf6 44. Kd4 Re8 45. Ke3 Kg5 46. Rh7 Kg6 47. Rh2 Kg5 48. Rf2 Re7 49. Rf4 Re5 50. Rxf7 Kg6 51. Rxc7 Kf5 52. Rf7+ Kg6 53. Rf2 Rxd5 54. Kxe4 Rd1 55. b4 Ra1 56. Rf3 Ra2 57. Kd5 Rd2+ 58. Kc6 d5 59. b5 d4 60. b6 Rc2+ 61. Kb7 Rc3 62. Rf4 d3 63. a4 Kg5 64. Rd4 Ra3 65. Ka6 Kf5 66. Rd8 Rxa4+ 1-0

[Event "Wch Seniors 20th"]
[Site "Arco"]
[Date "2010.10.30"]
[Round "5"]
[White "Tribuiani, Renato"]
[Black "Bue, Gunnar"]
[Result "1-0"]
[WhiteElo "2076"]
[BlackElo "1820"]
[PlyCount "71"]
[EventDate "2010.10.26"]
[EventType "swiss"]
[EventRounds "11"]
[EventCountry "ITA"]
[SourceTitle "EXT 2011"]
[Source "ChessBase"]
[SourceDate "2010.11.26"]
[SourceVersion "1"]
[SourceVersionDate "2010.11.26"]
[SourceQuality "1"]

1. d4 Nf6 2. Nc3 g6 3. e4 d6 4. Be2 Bg7 5. Be3 c6 6. h4 h5 7. Nh3 Bxh3 8. Rxh3 b5 9. f3 Nbd7 10. Qd2 Nb6 11. b3 b4 12. Nd1 a5 13. c4 Qc7 14. Nb2 Nfd7 15. Kf2 c5 16. d5 a4 17. Rhh1 a3 18. Nd3 Bxa1 19. Rxa1 Ne5 20. Nxe5 dxe5 21. f4 f6 22. f5 gxf5 23. exf5 Nc8 24. Qd1 Nd6 25. Bxh5+ Kd7 26. Qg4 Rag8 27. Bg6 Ne8 28. h5 Kd8 29. h6 Qc8 30. Qh5 Ng7 31. Qf3 Ne8 32. h7 Rg7 33. Rh1 Nd6 34. g4 Qa6 35. Bxc5 Nxc4 36. Qd3 1-0

[Event "Wch Seniors 19th"]
[Site "Condino"]
[Date "2009.10.28"]
[Round "2"]
[White "Bue, Gunnar"]
[Black "Tribuiani, Renato"]
[Result "0-1"]
[WhiteElo "1857"]
[BlackElo "2071"]
[PlyCount "52"]
[EventDate "2009.10.27"]
[EventType "swiss"]
[EventRounds "11"]
[EventCountry "ITA"]
[SourceTitle "EXT 2010"]
[Source "ChessBase"]
[SourceDate "2010.11.25"]
[SourceVersion "1"]
[SourceVersionDate "2010.11.25"]
[SourceQuality "1"]

1. d4 e6 2. c4 d5 3. e3 c6 4. Nf3 Bd6 5. Bd3 f5 6. 0-0 Nf6 7. Nc3 0-0 8. b3 Bd7 9. Bb2 Ne4 10. Ne5 Be8 11. cxd5 exd5 12. f3 Bh5 13. Qe1 Nxc3 14. Bxc3 Nd7 15. Nxd7 Qxd7 16. Bb4 Bxb4 17. Qxb4 Rae8 18. Rae1 Bg6 19. Qd2 Re7 20. Re2 Rfe8 21. Rfe1 Qd6 22. b4 a6 23. a3 Qf6 24. a4 Bh5 25. Rf2 f4 26. g4 fxe3 0-1

[Event "Wch Seniors 19th"]
[Site "Condino"]
[Date "2009.10.27"]
[Round "1"]
[White "Tribuiani, Renato"]
[Black "Vasiukov, Evgeni"]
[Result "0-1"]
[WhiteElo "2071"]
[BlackElo "2485"]
[PlyCount "38"]
[EventDate "2009.10.27"]
[EventType "swiss"]
[EventRounds "11"]
[EventCountry "ITA"]
[SourceTitle "EXT 2010"]
[Source "ChessBase"]
[SourceDate "2010.11.25"]
[SourceVersion "1"]
[SourceVersionDate "2010.11.25"]
[SourceQuality "1"]

1. e3 e5 2. c4 Nf6 3. Qc2 c6 4. b3 d5 5. Bb2 Bd6 6. Nf3 Nbd7 7. Be2 0-0 8. d4 exd4 9. Bxd4 Qe7 10. Nbd2 Re8 11. h3 c5 12. Bb2 d4 13. Nf1 Ne4 14. exd4 cxd4 15. Bxd4 Bb4+ 16. Kd1 Ndc5 17. a3 Bc3 18. Bd3 Nxd3 19. Qxd3 Bxa1 0-1

[Event "Alba Adriatica op 2nd"]
[Site "Alba Adriatica"]
[Date "2009.06.02"]
[Round "5"]
[White "Santurbano, Maria Vincenza"]
[Black "Tribuiani, Renato"]
[Result "1-0"]
[WhiteElo "1929"]
[BlackElo "2078"]
[PlyCount "73"]
[EventDate "2009.05.30"]
[EventType "swiss"]
[EventRounds "6"]
[EventCountry "ITA"]
[SourceTitle "EXT 2010"]
[Source "ChessBase"]
[SourceDate "2010.11.25"]
[SourceVersion "1"]
[SourceVersionDate "2010.11.25"]
[SourceQuality "1"]

1. e4 Nc6 2. d4 d5 3. e5 Bf5 4. Nf3 f6 5. Nh4 Qd7 6. Nxf5 Qxf5 7. Bd3 Qe6 8. Qh5+ g6 9. Bxg6+ hxg6 10. Qxh8 Nxd4 11. Na3 0-0-0 12. Be3 Nf5 13. Qh3 d4 14. Bf4 Bh6 15. Bxh6 Qxe5+ 16. Be3 dxe3 17. 0-0 Qxb2 18. Nc4 exf2+ 19. Kh1 Qd4 20. Na5 e5 21. Rab1 e4 22. Nxb7 Rd5 23. Qg4 Nge7 24. Rbd1 Qc4 25. Rb1 Rb5 26. Qd1 Ng3+ 27. hxg3 Rh5+ 28. Qxh5 gxh5 29. Rxf2 f5 30. Rd2 Nd5 31. Rbd1 Nc3 32. Na5 Qg8 33. Nc6 Qxg3 34. Ne7+ Kb7 35. Nxf5 Qg5 36. Nd4 Nxd1 37. Rxd1 1-0

[Event "Alba Adriatica op 2nd"]
[Site "Alba Adriatica"]
[Date "2009.05.31"]
[Round "2"]
[White "Tribuiani, Renato"]
[Black "Lalic, Bogdan"]
[Result "0-1"]
[WhiteElo "2078"]
[BlackElo "2508"]
[PlyCount "59"]
[EventDate "2009.05.30"]
[EventType "swiss"]
[EventRounds "6"]
[EventCountry "ITA"]
[SourceTitle "EXT 2010"]
[Source "ChessBase"]
[SourceDate "2010.11.25"]
[SourceVersion "1"]
[SourceVersionDate "2010.11.25"]
[SourceQuality "1"]

1. d4 Nf6 2. Bf4 g6 3. e3 Bg7 4. Be2 0-0 5. h4 h5 6. Nh3 d6 7. Ng5 Nc6 8. c3 e5 9. Bg3 Nh7 10. Nxh7 Kxh7 11. dxe5 dxe5 12. Nd2 Qe7 13. e4 Bh6 14. Qc2 Rd8 15. Rd1 f5 16. f3 Be6 17. Nc4 Rxd1+ 18. Qxd1 Rd8 19. Qa4 a6 20. 0-0 b5 21. Qxa6 Bxc4 22. Bxc4 Qc5+ 23. Bf2 Qxc4 24. exf5 gxf5 25. a4 e4 26. axb5 e3 27. Bg3 f4 28. Bxf4 Bxf4 29. Qxc6 Qxc6 30. bxc6 0-1

[Event "ITA-ch Seniors 31st"]
[Site "Arvier"]
[Date "2009.04.30"]
[Round "7"]
[White "Quagliarella, Sabino Remo"]
[Black "Tribuiani, Renato"]
[Result "0-1"]
[WhiteElo "1911"]
[BlackElo "2078"]
[PlyCount "116"]
[EventDate "2009.04.24"]
[EventType "swiss"]
[EventRounds "9"]
[EventCountry "ITA"]
[SourceTitle "EXT 2011"]
[Source "ChessBase"]
[SourceDate "2010.11.26"]
[SourceVersion "1"]
[SourceVersionDate "2010.11.26"]
[SourceQuality "1"]

1. d4 d5 2. Nf3 e6 3. Nbd2 f5 4. e3 Bd6 5. Be2 Qf6 6. 0-0 Nh6 7. b3 0-0 8. c4 c6 9. Bb2 Nf7 10. Qc2 g5 11. Qc3 Nd7 12. g3 g4 13. Nh4 Ng5 14. f4 gxf3 15. Bxf3 Qg7 16. Bg2 Nf6 17. Qc2 Ng4 18. Rae1 Qh6 19. Ndf3 Nxf3+ 20. Rxf3 Nxh2 21. Kxh2 Qxh4+ 22. Bh3 Rf6 23. Qg2 Rg6 24. Rg1 Bd7 25. Kh1 Qe4 26. Bc3 Rh6 27. Be1 Rxh3+ 28. Qxh3 Qxf3+ 29. Kh2 Be8 30. Qf1 Qxf1 31. Rxf1 Bh5 32. Kg2 dxc4 33. bxc4 Be2 34. Rf2 Bxc4 35. Rb2 b5 36. Kh3 a5 37. g4 fxg4+ 38. Kxg4 Kg7 39. e4 Bd3 40. Kf3 Bf1 41. Ke3 Rf8 42. e5 Ba3 43. Rc2 Bb4 44. Bh4 Bc4 45. Bf6+ Rxf6 46. exf6+ Kxf6 47. Rh2 a4 48. Ke4 h5 49. Rf2+ Kg5 50. Ke5 Kg4 51. Rg2+ Kh4 52. Rh2+ Kg3 53. Rxh5 Bxa2 54. Ke4 Bb1+ 55. Ke3 a3 56. Rg5+ Kh4 57. Rg1 a2 58. Kf4 Bd6+ 0-1

[Event "ITA-ch Seniors 31st"]
[Site "Arvier"]
[Date "2009.04.27"]
[Round "5"]
[White "Gardi, Giuseppe"]
[Black "Tribuiani, Renato"]
[Result "0-1"]
[WhiteElo "2008"]
[BlackElo "2078"]
[PlyCount "104"]
[EventDate "2009.04.24"]
[EventType "swiss"]
[EventRounds "9"]
[EventCountry "ITA"]
[SourceTitle "EXT 2011"]
[Source "ChessBase"]
[SourceDate "2010.11.26"]
[SourceVersion "1"]
[SourceVersionDate "2010.11.26"]
[SourceQuality "1"]

1. d4 d5 2. Nf3 e6 3. e3 Bd6 4. Bd3 f5 5. 0-0 Nf6 6. c4 c6 7. Nc3 0-0 8. cxd5 exd5 9. Ne5 Nbd7 10. f4 Ne4 11. Bd2 Qh4 12. Be1 Qh6 13. Rf3 Qh5 14. Be2 Ndf6 15. Rh3 Qe8 16. Rc1 Be6 17. Nxe4 dxe4 18. Bc4 Bxc4 19. Nxc4 Qe6 20. a3 Nd5 21. b4 g6 22. Bh4 Nb6 23. Na5 Rf7 24. Qc2 Rc8 25. Bg5 a6 26. Rg3 Rfc7 27. h4 h5 28. Kf2 Kf7 29. Rh3 Qd5 30. Rhh1 Qb5 31. Rhd1 Nd5 32. Nc4 Ke6 33. Qb3 b6 34. Rb1 a5 35. Nxd6 Kxd6 36. bxa5 Qxb3 37. Rxb3 b5 38. Bh6 Ra7 39. Rc1 Rxa5 40. Rc2 Nb6 41. Bg7 Nc4 42. Ra2 Rca8 43. Ke2 Kd5 44. Bf6 Rxa3 45. Raxa3 Rxa3 46. Rxa3 Nxa3 47. Be7 Nb1 48. Kd1 Kc4 49. Kc2 Nc3 50. Ba3 Nd5 51. Bc1 Nb4+ 52. Kd2 Nd3 0-1

[Event "ITA-ch Seniors 31st"]
[Site "Arvier"]
[Date "2009.04.24"]
[Round "1"]
[White "Fragni, Enrico"]
[Black "Tribuiani, Renato"]
[Result "0-1"]
[WhiteElo "1751"]
[BlackElo "2078"]
[PlyCount "141"]
[EventDate "2009.04.24"]
[EventType "swiss"]
[EventRounds "9"]
[EventCountry "ITA"]
[SourceTitle "EXT 2011"]
[Source "ChessBase"]
[SourceDate "2010.11.26"]
[SourceVersion "1"]
[SourceVersionDate "2010.11.26"]
[SourceQuality "1"]

1. d4 d5 2. Nf3 e6 3. c4 c6 4. e3 f5 5. Nc3 Bd6 6. Bd3 Nf6 7. Bd2 0-0 8. Qc2 Ne4 9. g3 Bd7 10. a3 Be8 11. Be2 Nd7 12. 0-0 Bh5 13. cxd5 exd5 14. Rad1 Qe7 15. Bc1 g5 16. Ne1 Bxe2 17. Nxe2 g4 18. Nf4 Ng5 19. Bd2 a5 20. f3 Bxf4 21. gxf4 Nxf3+ 22. Nxf3 gxf3 23. Rxf3 Rf6 24. Kh1 Qe4 25. Qxe4 dxe4 26. Rg3+ Rg6 27. Rdg1 Kf7 28. Rxg6 hxg6 29. Rc1 a4 30. Kg2 Ke6 31. Bb4 Nf6 32. h3 Nd5 33. Bd2 Ra6 34. Kf2 Rb6 35. Rc2 Rb3 36. Bc1 Kd6 37. Bd2 Rb6 38. Bc1 Ra6 39. Bd2 Ra8 40. Kg3 b5 41. Rc1 Nb6 42. Rc5 Nd7 43. Rc1 Rh8 44. Bb4+ Ke6 45. Bd2 Rc8 46. Bb4 Rh8 47. Bd2 Rh5 48. Rc2 Rh7 49. Bb4 Rh8 50. Bd2 Nb6 51. Rc5 Kd6 52. Bb4 Kd7 53. Bd2 Nc4 54. Bc1 Kd6 55. Kg2 Na5 56. Rc2 Nb3 57. Rc3 Rc8 58. Kf2 c5 59. dxc5+ Rxc5 60. Rxc5 Kxc5 61. Kg3 Nxc1 62. Kh4 Kc4 63. Kg5 Ne2 64. h4 Ng3 65. Kxg6 Kd3 66. h5 Nxh5 67. Kxh5 Kxe3 68. Kg5 Kd2 69. Kxf5 e3 70. Kg6 e2 71. f5 0-1

[Event "Porto San Giorgio op 20th"]
[Site "Porto San Giorgio"]
[Date "2008.08.25"]
[Round "5"]
[White "Lantini, Marco"]
[Black "Tribuiani, Renato"]
[Result "1-0"]
[WhiteElo "2212"]
[BlackElo "2065"]
[PlyCount "79"]
[EventDate "2008.08.21"]
[EventType "swiss"]
[EventRounds "9"]
[EventCountry "ITA"]
[SourceTitle "CBM 126 Extra"]
[Source "ChessBase"]
[SourceDate "2008.11.05"]
[SourceVersion "1"]
[SourceVersionDate "2008.11.05"]
[SourceQuality "1"]

1. d4 d5 2. c4 e6 3. Nf3 c6 4. Qc2 Nf6 5. Nbd2 Nbd7 6. g3 b6 7. Bg2 Bb7 8. 0-0 Be7 9. e4 dxe4 10. Nxe4 Nxe4 11. Qxe4 Nf6 12. Qc2 0-0 13. Rd1 Qc8 14. a3 c5 15. dxc5 Bxc5 16. b4 Be7 17. Bb2 Be4 18. Qe2 Qb7 19. Rd4 Rad8 20. Re1 Rxd4 21. Bxd4 Bc6 22. b5 Bxf3 23. Bxf3 Qd7 24. Rd1 Qc8 25. Bc6 Rd8 26. a4 Nd7 27. a5 Nc5 28. a6 Qc7 29. Be3 Rxd1+ 30. Qxd1 Qd6 31. Qf3 Qc7 32. Be8 Bd8 33. Qa8 Nd3 34. Bc6 Nb2 35. Bf4 Qe7 36. c5 Nc4 37. Bb8 Qxc5 38. Bc7 Qd4 39. Qxd8+ Qxd8 40. Bxd8 1-0

[Event "Porto San Giorgio op 20th"]
[Site "Porto San Giorgio"]
[Date "2008.08.23"]
[Round "3"]
[White "Parpinel, Marco"]
[Black "Tribuiani, Renato"]
[Result "1-0"]
[WhiteElo "2159"]
[BlackElo "2065"]
[PlyCount "101"]
[EventDate "2008.08.21"]
[EventType "swiss"]
[EventRounds "9"]
[EventCountry "ITA"]
[SourceTitle "CBM 126 Extra"]
[Source "ChessBase"]
[SourceDate "2008.11.05"]
[SourceVersion "1"]
[SourceVersionDate "2008.11.05"]
[SourceQuality "1"]

1. e4 Nc6 2. d4 e5 3. d5 Nce7 4. c4 Ng6 5. Be3 Bb4+ 6. Nd2 Nf6 7. Bd3 Nh4 8. Kf1 Bxd2 9. Qxd2 d6 10. c5 0-0 11. Rc1 Ng6 12. f3 Nh5 13. g3 b6 14. cxd6 cxd6 15. Ke1 Ne7 16. g4 Nf6 17. Ne2 Nd7 18. b4 a5 19. a3 axb4 20. axb4 Ng6 21. Nc3 Qf6 22. Qf2 Nf4 23. Bf1 Bb7 24. Kd2 Rfc8 25. Bb5 Nb8 26. Na4 g6 27. Bxb6 Na6 28. Ba5 Nc5 29. Nxc5 dxc5 30. Rxc5 Rxc5 31. Qxc5 Ng2 32. Qf2 Qg5+ 33. Kc3 Rc8+ 34. Kb3 Ne3 35. Bb6 Nxd5 36. exd5 Bxd5+ 37. Ka4 Rc3 38. f4 Qxg4 39. Qd2 Qf3 40. Ra1 Bb3+ 41. Ka5 Qa8+ 42. Ba6 Rc8 43. fxe5 Bc4 44. b5 Re8 45. Rc1 Bb3 46. Rc6 Be6 47. Qd6 Bc8 48. Rxc8 Rxc8 49. Qd7 Rf8 50. Qc6 Qb8 51. Bc7 1-0

[Event "Rome op"]
[Site "Rome"]
[Date "2007.11.03"]
[Round "7"]
[White "Tribuiani, Renato"]
[Black "Calavalle, Giulio"]
[Result "0-1"]
[WhiteElo "2096"]
[BlackElo "2238"]
[PlyCount "126"]
[EventDate "2007.10.29"]
[EventType "swiss"]
[EventRounds "9"]
[EventCountry "ITA"]
[SourceTitle "EXT 2009"]
[Source "ChessBase"]
[SourceDate "2008.11.26"]
[SourceVersion "1"]
[SourceVersionDate "2008.11.26"]
[SourceQuality "1"]

1. e3 c5 2. f4 g6 3. Nc3 Bg7 4. Nf3 Nc6 5. Bb5 a6 6. Bxc6 bxc6 7. 0-0 Nh6 8. Ne4 Qb6 9. c3 d5 10. Nf2 0-0 11. b3 a5 12. Ba3 Re8 13. d4 cxd4 14. cxd4 f6 15. Rc1 Nf7 16. Re1 Ba6 17. Qc2 Bb5 18. g4 a4 19. Bc5 axb3 20. axb3 Qb7 21. Qc3 e5 22. Ra1 Rxa1 23. Rxa1 exf4 24. Ra7 Qb8 25. exf4 Qxf4 26. Re7 Rxe7 27. Bxe7 Bh6 28. Qa5 Qc1+ 29. Ne1 Ng5 30. Kg2 Ne6 31. Bxf6 Bd2 32. Qa8+ Kf7 33. Qb7+ Kxf6 34. g5+ Nxg5 35. Ng4+ Kf5 36. Qd7+ Ne6 37. Qf7+ Kxg4 38. Qxe6+ Kh5 39. Qh3+ Kg5 40. Qg3+ Kf6 41. Qe5+ Kf7 42. Qc7+ Ke6 43. Qc8+ Kf6 44. Qf8+ Kg5 45. h4+ Kh5 46. Qf3+ Kxh4 47. Qh3+ Kg5 48. Qg3+ Kf6 49. Qe5+ Kf7 50. Qc7+ Ke6 51. Qc8+ Kf7 52. Qc7+ Ke6 53. Qc8+ Kf6 54. Qh8+ Ke7 55. Qg7+ Kd8 56. Qf8+ Kc7 57. Qe7+ Kb6 58. Qd8+ Kb7 59. Qd7+ Ka6 60. Qc8+ Ka5 61. Qa8+ Kb4 62. Nd3+ Bxd3 63. Qa4+ Kc3 0-1

[Event "Rome op"]
[Site "Rome"]
[Date "2007.11.01"]
[Round "5"]
[White "Rossi, Aldo A"]
[Black "Tribuiani, Renato"]
[Result "1-0"]
[WhiteElo "2204"]
[BlackElo "2096"]
[PlyCount "70"]
[EventDate "2007.10.29"]
[EventType "swiss"]
[EventRounds "9"]
[EventCountry "ITA"]
[SourceTitle "EXT 2009"]
[Source "ChessBase"]
[SourceDate "2008.11.26"]
[SourceVersion "1"]
[SourceVersionDate "2008.11.26"]
[SourceQuality "1"]

1. d4 d5 2. Bf4 Nf6 3. e3 e6 4. Nd2 Be7 5. Bd3 Nbd7 6. Ngf3 0-0 7. Ne5 c5 8. c3 Qb6 9. Rb1 Re8 10. h4 Nf8 11. h5 N6d7 12. Qg4 Nxe5 13. dxe5 f5 14. Qh3 Qd8 15. Nf3 Qd7 16. g4 Bd8 17. Rg1 Kh8 18. Qg3 Qf7 19. Ke2 b6 20. Rg2 a5 21. Rbg1 Ra7 22. Qh3 fxg4 23. Rxg4 Qg8 24. Bh6 Ree7 25. Bg5 c4 26. Bc2 Red7 27. Ba4 b5 28. Bxb5 Rdb7 29. Bxd8 Rxb5 30. h6 Rxb2+ 31. Nd2 Ng6 32. hxg7+ Kxg7 33. Qh4 Kf8 34. Bc7 Qf7 35. Qd8+ Kg7 1-0

[Event "Rome op"]
[Site "Rome"]
[Date "2007.11.01"]
[Round "4"]
[White "Tribuiani, Renato"]
[Black "Llopis de Aysa, Manuel"]
[Result "1-0"]
[WhiteElo "2096"]
[BlackElo "2230"]
[PlyCount "85"]
[EventDate "2007.10.29"]
[EventType "swiss"]
[EventRounds "9"]
[EventCountry "ITA"]
[SourceTitle "EXT 2009"]
[Source "ChessBase"]
[SourceDate "2008.11.26"]
[SourceVersion "1"]
[SourceVersionDate "2008.11.26"]
[SourceQuality "1"]

1. d4 d6 2. e4 Nf6 3. Nc3 g6 4. Be2 Bg7 5. Be3 c6 6. h4 h5 7. Nh3 Bxh3 8. Rxh3 Nbd7 9. a4 Qa5 10. Kf1 e5 11. dxe5 dxe5 12. Bg5 0-0-0 13. Qb1 Qb4 14. Qa2 Nc5 15. Bxf6 Bxf6 16. Qxf7 Bxh4 17. Rxh4 Qxb2 18. Rb1 Qxc3 19. Qxg6 Rhf8 20. Qxh5 Qd4 21. Bf3 Nxa4 22. Qg4+ Kb8 23. Rh7 Nc5 24. Qg3 Qd7 25. Qxe5+ Qd6 26. Qxd6+ Rxd6 27. e5 Re6 28. Rh5 Rfe8 29. Re1 Rg6 30. Be4 Nxe4 31. Rxe4 Re7 32. g3 Kc7 33. Kg2 a5 34. g4 b5 35. Kg3 a4 36. f4 c5 37. f5 Ra6 38. Kf4 a3 39. Rh1 a2 40. Ra1 Rh7 41. e6 Kd8 42. f6 Rh2 43. e7+ 1-0

[Event "Rome op"]
[Site "Rome"]
[Date "2007.10.29"]
[Round "1"]
[White "Tribuiani, Renato"]
[Black "Piscopo, Pierluigi"]
[Result "0-1"]
[WhiteElo "2096"]
[BlackElo "2365"]
[PlyCount "88"]
[EventDate "2007.10.29"]
[EventType "swiss"]
[EventRounds "9"]
[EventCountry "ITA"]
[SourceTitle "EXT 2009"]
[Source "ChessBase"]
[SourceDate "2008.11.26"]
[SourceVersion "1"]
[SourceVersionDate "2008.11.26"]
[SourceQuality "1"]

1. d4 Nf6 2. Nd2 d6 3. g3 e5 4. c3 Nc6 5. Nb3 Bd7 6. Bg5 h6 7. Bxf6 Qxf6 8. d5 Nb8 9. Bg2 a5 10. Nd2 Na6 11. Ngf3 Qd8 12. h4 Be7 13. Qc2 Nc5 14. Bh3 Bxh3 15. Rxh3 Qd7 16. Rh1 c6 17. e4 cxd5 18. exd5 b5 19. Nb3 Na4 20. Kf1 Nb6 21. Rd1 Qg4 22. Kg2 0-0 23. Qe2 e4 24. Nfd4 Qxe2 25. Nxe2 Bf6 26. Nbd4 b4 27. Nc6 Na4 28. cxb4 axb4 29. Nxb4 Rfb8 30. b3 Rxb4 31. bxa4 Rb2 32. Rhe1 Rxa4 33. Nf4 Raxa2 34. Rxe4 Rxf2+ 35. Kh3 g6 36. Nd3 Rh2+ 37. Kg4 Kg7 38. Kf3 Ra3 39. Re2 Rxe2 40. Kxe2 Ra5 41. Nf4 Be5 42. Kf3 h5 43. Ng2 Ra3+ 44. Ne3 Bxg3 0-1

[Event "Civitanova Marche op 1st"]
[Site "Civitanova Marche"]
[Date "2006.08.06"]
[Round "9"]
[White "Stromboli, Ettore"]
[Black "Tribuiani, Renato"]
[Result "1-0"]
[WhiteElo "2224"]
[BlackElo "2091"]
[PlyCount "71"]
[EventDate "2006.07.29"]
[EventType "swiss"]
[EventRounds "9"]
[EventCountry "ITA"]
[SourceTitle "EXT 2023"]
[Source "ChessBase"]
[SourceDate "2022.10.05"]
[SourceVersion "1"]
[SourceVersionDate "2022.10.05"]
[SourceQuality "1"]

1. e4 c6 2. d4 d5 3. Nc3 dxe4 4. Nxe4 Nd7 5. Ng5 Ngf6 6. Bd3 h6 7. Ne6 Qa5+ 8. Bd2 Qb6 9. Nxf8 Nxf8 10. Bc3 Bg4 11. Qd2 Nd5 12. Ne2 Bxe2 13. Bxe2 Nxc3 14. bxc3 e6 15. 0-0 Nd7 16. Rab1 Qc7 17. Rb3 0-0 18. c4 Nf6 19. Rfb1 b6 20. Rh3 Rfd8 21. Rbb3 e5 22. Rbg3 Kf8 23. Rxg7 Rxd4 24. Qxh6 Qd6 25. Bd3 Ke7 26. Re3 Re8 27. h3 Nd7 28. Qg5+ Qf6 29. Qg3 Kd6 30. Rg4 Rxg4 31. Qxg4 Nc5 32. Rf3 Qe7 33. Qg7 Rf8 34. Bg6 f6 35. Qh6 Qe6 36. Qxf8+ 1-0

[Event "Civitanova Marche op 1st"]
[Site "Civitanova Marche"]
[Date "2006.08.04"]
[Round "7"]
[White "Brancaleoni, Maurizio"]
[Black "Tribuiani, Renato"]
[Result "1-0"]
[WhiteElo "2275"]
[BlackElo "2091"]
[PlyCount "55"]
[EventDate "2006.07.29"]
[EventType "swiss"]
[EventRounds "9"]
[EventCountry "ITA"]
[SourceTitle "EXT 2023"]
[Source "ChessBase"]
[SourceDate "2022.10.05"]
[SourceVersion "1"]
[SourceVersionDate "2022.10.05"]
[SourceQuality "1"]

1. e4 c5 2. Nf3 a6 3. c3 g6 4. d4 b6 5. dxc5 bxc5 6. Qd5 Nc6 7. Qxc5 Nf6 8. Bd3 a5 9. 0-0 Bb7 10. Qe3 Ng4 11. Qf4 h5 12. h3 Bh6 13. Qg3 Bxc1 14. Rxc1 Nh6 15. Nbd2 Qb6 16. Nc4 Qa7 17. Nce5 0-0-0 18. Nxc6 Bxc6 19. b4 f6 20. Rab1 d6 21. b5 Bb7 22. b6 Qa8 23. Nd4 Bxe4 24. Bxe4 Qxe4 25. Re1 Qb7 26. Qd3 e5 27. Qc4+ Kb8 28. Nc6+ 1-0

[Event "Rome Petra op 02nd"]
[Site "Rome"]
[Date "2004.09.18"]
[Round "8"]
[White "Dentale, Enrico"]
[Black "Tribuiani, Renato"]
[Result "0-1"]
[WhiteElo "1946"]
[BlackElo "2119"]
[PlyCount "58"]
[EventDate "2004.09.11"]
[EventType "swiss"]
[EventRounds "9"]
[EventCountry "ITA"]
[SourceTitle "EXT 2007"]
[Source "ChessBase"]
[SourceDate "2006.11.23"]
[SourceVersion "1"]
[SourceVersionDate "2006.11.23"]
[SourceQuality "1"]

1. d4 d5 2. Nf3 c6 3. Bf4 Nf6 4. e3 Qb6 5. Qc1 Bg4 6. Nbd2 e6 7. Bd3 Nbd7 8. 0-0 Nh5 9. Bg3 Nxg3 10. hxg3 f5 11. c4 Be7 12. c5 Qc7 13. Nh2 Bh5 14. Qc2 Nf6 15. b4 a6 16. a4 0-0 17. Rfb1 Ne4 18. b5 e5 19. bxc6 bxc6 20. Rb6 exd4 21. exd4 a5 22. Nhf3 Bf6 23. Qb2 Ra7 24. Nf1 Nxc5 25. Bxf5 Bxf3 26. Rxc6 Qxc6 27. gxf3 Nxa4 28. Qb1 Bxd4 29. Bxh7+ Kh8 0-1

[Event "Rome Petra op 02nd"]
[Site "Rome"]
[Date "2004.09.17"]
[Round "7"]
[White "Tribuiani, Renato"]
[Black "Ciotoli, Patrizio"]
[Result "0-1"]
[WhiteElo "2119"]
[BlackElo "2164"]
[PlyCount "119"]
[EventDate "2004.09.11"]
[EventType "swiss"]
[EventRounds "9"]
[EventCountry "ITA"]
[SourceTitle "EXT 2007"]
[Source "ChessBase"]
[SourceDate "2006.11.23"]
[SourceVersion "1"]
[SourceVersionDate "2006.11.23"]
[SourceQuality "1"]

1. e4 c6 2. d4 d5 3. e5 c5 4. Nc3 e6 5. Nf3 Nc6 6. Be2 cxd4 7. Nxd4 Bb4 8. Qd3 Nge7 9. Nxc6 bxc6 10. 0-0 0-0 11. a3 Bxc3 12. Qxc3 Qc7 13. Be3 Rd8 14. Bc5 Nf5 15. Rad1 a5 16. Rfe1 Ba6 17. Bg4 Re8 18. Qh3 Qc8 19. Bf3 Qd8 20. g4 Nh4 21. Rd4 Nxf3+ 22. Qxf3 Rb8 23. b4 axb4 24. axb4 Rb7 25. Qe3 f6 26. Qg3 Rf7 27. Rf4 Bb5 28. Qc3 f5 29. Ra1 g5 30. Rf3 Be2 31. Rg3 Bxg4 32. h3 Be2 33. Qd2 f4 34. Rga3 Bc4 35. f3 Qc7 36. Qe1 Rf5 37. Bd4 Qf7 38. Ra7 Qh5 39. Kg2 Qg6 40. Qd1 h5 41. Rc7 g4 42. hxg4 hxg4 43. Kf2 g3+ 44. Ke1 Rh5 45. Kd2 Rh2+ 46. Kc3 Be2 47. Qc1 Bxf3 48. Raa7 Kh8 49. Rg7 Qe4 50. Raf7 Rh1 51. Qd2 Rh2 52. Qc1 Rh4 53. Rg5 c5 54. Bxc5 Qc4+ 55. Kb2 Ra8 56. Ra7 Rxa7 57. Bxa7 Qxb4+ 58. Ka2 Qa4+ 59. Kb2 Qxa7 60. Qf1 0-1